000 00264nam a22001097a 4500
082 _a954/CHA
100 _aChandra, Satish
_92511
245 _aHistory of Medieval India
260 _aHyderabad
_bOrient Blackswan
_c2023
650 _aIndian History
_9227
942 _cBK
999 _c66229
_d66229